| 000 | 01310nam a2200241 a 4500 | ||
|---|---|---|---|
| 005 | 20130719031930.0 | ||
| 008 | 130719b xxu||||| |||| 00| 0 spa d | ||
| 041 | _aspa | ||
| 090 |
_aIAVH _b00765 CD-1 |
||
| 100 |
_aDiaz Manzano, Diego Mauricio _9596 |
||
| 245 |
_aTransferencia metodológica para el diagnóstico de la oferta y demanda de los bejucos utilizados en la región de Filandia Quindío _blineamientos para el desarrollo de un plan de manejo de los bejucos útiles |
||
| 260 |
_aQuindío _bInstituto Alexander von Humboldt _c2005 |
||
| 300 | _a15 p. | ||
| 520 | _aSe consolida una metodología para la valoración cuantitativa de la oferta y la demanda de los bejucos utilizados en cestería. Se documental el diseño y la realización del diagnóstico de la oferta y la demanda de bejucos utilizados en la región de Finlandia-Quindío. Se establecen los lineamientos para el desarrollo de un plan de manejo participativo de bejucos a nivel regional. | ||
| 650 |
_aOferta y demanda _9597 |
||
| 650 |
_aBejucos _9598 |
||
| 650 |
_aCestería _9599 |
||
| 650 |
_aArtesanías _9600 |
||
| 662 |
_aColombia _dFilandia _bQuindío |
||
| 942 |
_2ddc _cCD-ROM |
||
| 945 | _d2007-08-16 | ||
| 773 | 0 |
_05986 _99704 _a _b _dBogotá Informatica documental 2007 _o024802 _tInformes de investigaciones IAVH en PDF _w _x _z |
|
| 999 |
_c6019 _d6019 |
||